[Event "Mexico City UNAM op"]
[Site "Mexico City"]
[Date "2012.11.22"]
[Round "2"]
[White "Garmendez Gonzalez, Florentino"]
[Black "Cordova, Emilio"]
[Result "0-1"]
[WhiteElo "2293"]
[BlackElo "2568"]
[PlyCount "130"]
[EventDate "2012.11.21"]
[EventType "swiss"]
[EventRounds "9"]
[EventCountry "MEX"]
[SourceTitle "CBM 151 Extra"]
[Source "ChessBase"]
[SourceDate "2012.12.18"]
[SourceVersion "1"]
[SourceVersionDate "2012.12.18"]
[SourceQuality "1"]

1. d4 Nf6 2. c4 e6 3. g3 Bb4+ 4. Bd2 c5 5. Bxb4 cxb4 6. Bg2 0-0 7. Nf3 d6 8. 0-0 Nc6 9. Nbd2 a5 10. Rc1 Qe7 11. h3 Rd8 12. e4 e5 13. d5 Nb8 14. Ne1 Na6 15. Nd3 Nd7 16. f4 Nac5 17. Nxc5 Nxc5 18. f5 f6 19. Kh2 Bd7 20. Rf3 b5 21. Bf1 bxc4 22. Bxc4 Rdc8 23. g4 Na4 24. Rb1 Rc5 25. Qg1 Rac8 26. Bd3 Bb5 27. Bxb5 Rxb5 28. Nb3 Nb6 29. Nxa5 Nxd5 30. Nb3 Nf4 31. Rc1 Rbb8 32. Rxc8+ Rxc8 33. Qb6 d5 34. exd5 Nxd5 35. Qa6 Rc2+ 36. Kg3 Nf4 37. Rf2 Rxf2 38. Kxf2 h5 39. gxh5 Kh7 40. Ke1 Qd7 41. Nd2 Qxf5 42. Qc4 Qxh5 43. Qe4+ f5 44. Qf3 Qh4+ 45. Kd1 e4 46. Qe3 Ng2 47. Qe2 Qxh3 48. Nxe4 Qh1+ 49. Kc2 Ne1+ 50. Kd2 fxe4 51. Qxe1 Qg2+ 52. Qe2 Qg5+ 53. Kc2 Qc5+ 54. Kd2 Qd4+ 55. Ke1 Qe5 56. a4 b3 57. Kf2 Qf4+ 58. Ke1 g6 59. a5 Qc1+ 60. Kf2 Qc5+ 61. Qe3 Qxa5 62. Qxe4 Qc5+ 63. Kg3 Qg5+ 64. Kf2 Qf5+ 65. Qxf5 gxf5 0-1

[Event "Mexican op 56th"]
[Site "Monterrey"]
[Date "2010.04.01"]
[Round "3"]
[White "Gonzalez Zamora, Juan Carlos"]
[Black "Garmendez Gonzalez, Florentino"]
[Result "1-0"]
[WhiteElo "2552"]
[BlackElo "2272"]
[PlyCount "89"]
[EventDate "2010.03.30"]
[EventType "swiss"]
[EventRounds "9"]
[EventCountry "MEX"]
[SourceTitle "CBM 135 Extra"]
[Source "ChessBase"]
[SourceDate "2010.05.04"]
[SourceVersion "1"]
[SourceVersionDate "2010.05.04"]
[SourceQuality "1"]

1. d4 d5 2. Nf3 c5 3. c4 dxc4 4. e3 Nf6 5. Bxc4 e6 6. 0-0 a6 7. Bb3 Be7 8. Nc3 b5 9. Qe2 Bb7 10. dxc5 Nbd7 11. e4 Nxc5 12. e5 Nfd7 13. Bc2 b4 14. Ne4 Bxe4 15. Bxe4 Nxe4 16. Qxe4 0-0 17. Be3 Nb6 18. h4 Qd5 19. Qg4 Qc4 20. Qg3 Rfb8 21. h5 Nd5 22. Bh6 g6 23. hxg6 fxg6 24. Rfd1 Bf8 25. Qh3 Bxh6 26. Qxh6 Ra7 27. Nd4 Rf7 28. Nxe6 Qg4 29. Rxd5 Qxe6 30. Rad1 Rbf8 31. f3 Qb6+ 32. R1d4 Rf4 33. Rd7 Qxd4+ 34. Rxd4 Rxd4 35. Qe3 Rd1+ 36. Kh2 Rf7 37. f4 Rd8 38. Qb6 Rdf8 39. g3 a5 40. Qxa5 Rb8 41. Qd5 Rbb7 42. e6 Rfe7 43. g4 Rbc7 44. f5 gxf5 45. gxf5 1-0

[Event "Carlos Torre Memorial op 21st"]
[Site "Merida"]
[Date "2008.12.16"]
[Round "6"]
[White "Rojas Alarcon, Julian Antonio"]
[Black "Garmendez Gonzalez, Florentino"]
[Result "0-1"]
[WhiteElo "2187"]
[BlackElo "2296"]
[PlyCount "136"]
[EventDate "2008.12.13"]
[EventType "swiss"]
[EventRounds "9"]
[EventCountry "MEX"]
[SourceTitle "CBM 127 Extra"]
[Source "ChessBase"]
[SourceDate "2009.01.08"]
[SourceVersion "2"]
[SourceVersionDate "2009.01.28"]
[SourceQuality "1"]

1. Nf3 d5 2. b3 Bg4 3. e3 Nd7 4. Be2 e5 5. d3 Ngf6 6. Nbd2 c6 7. h3 Bxf3 8. Bxf3 Bb4 9. Bb2 Qe7 10. a3 Ba5 11. b4 Bb6 12. c4 e4 13. dxe4 dxe4 14. Be2 c5 15. Qc2 0-0 16. Bg4 Ne5 17. Be2 Ned7 18. Bg4 cxb4 19. axb4 Ne5 20. Be2 Nd3+ 21. Bxd3 exd3 22. Qc3 Bxe3 23. fxe3 Qxe3+ 24. Kd1 Rfe8 25. Nf3 Qe2+ 26. Kc1 Qxg2 27. Rg1 Qxf3 28. Kb1 Re6 29. Ka2 Ra6+ 30. Kb3 Rxa1 31. Bxa1 Kh8 32. Qd2 Rd8 33. Bc3 h6 34. Re1 Ng8 35. b5 Qxh3 36. Ra1 a6 37. bxa6 bxa6 38. Rxa6 Rb8+ 39. Ka3 f6 40. Rd6 Qc8 41. Qxd3 Qc5+ 42. Ka4 Ra8+ 43. Kb3 Qa3+ 44. Kc2 Rc8 45. Rd4 Qa2+ 46. Bb2 Qa4+ 47. Kd2 Rb8 48. Bc3 Re8 49. Re4 Qa2+ 50. Ke3 Rc8 51. Qd5 Qc2 52. Qd2 Qb1 53. Qd5 Qc1+ 54. Bd2 Qg1+ 55. Kd3 Rb8 56. c5 Qf1+ 57. Kd4 Qd1 58. Kc4 f5 59. Re1 Qc2+ 60. Bc3 Nf6 61. Qd6 Rc8 62. c6 Kh7 63. Re7 Qa4+ 64. Kc5 Ne4+ 65. Rxe4 Qa7+ 66. Kd5 fxe4 67. Kxe4 Qa6 68. Qd7 Qxc6+ 0-1

[Event "Mexican op 54th"]
[Site "Aguascalientes"]
[Date "2008.03.20"]
[Round "3"]
[White "Nogueiras Santiago, Jesus"]
[Black "Garmendez Gonzalez, Florentino"]
[Result "1-0"]
[WhiteElo "2549"]
[BlackElo "2300"]
[PlyCount "85"]
[EventDate "2008.03.18"]
[EventType "swiss"]
[EventRounds "9"]
[EventCountry "MEX"]
[SourceTitle "CBM 123 Extra"]
[Source "ChessBase"]
[SourceDate "2008.05.06"]
[SourceVersion "1"]
[SourceVersionDate "2008.05.06"]
[SourceQuality "1"]

1. c4 Nf6 2. Nc3 c5 3. g3 g6 4. Bg2 Bg7 5. Nf3 Nc6 6. d4 cxd4 7. Nxd4 Nxd4 8. Qxd4 d6 9. 0-0 0-0 10. Bg5 h6 11. Bxf6 Bxf6 12. Qd2 Bg7 13. Rfd1 Qc7 14. Nd5 Qd8 15. Rac1 Bd7 16. Qb4 Bc6 17. Qa3 Bxd5 18. Rxd5 Qc7 19. Rb5 Rfb8 20. Qe3 a6 21. Rb6 h5 22. b4 Bh6 23. Qxh6 Qxb6 24. Bd5 Qd4 25. Qxg6+ Qg7 26. Qxh5 e6 27. Bf3 Rd8 28. Qh4 Rd7 29. Rd1 f5 30. e4 fxe4 31. Qxe4 Qf6 32. Bg4 Re8 33. Rd3 Kg7 34. Bh5 Rg8 35. Bg4 Re8 36. Qe2 Rf8 37. Bxe6 Re7 38. Rxd6 Rfe8 39. Qg4+ Kh8 40. Qh5+ Kg7 41. Rd5 Rh8 42. Qg4+ Kf8 43. Rf5 1-0

[Event "Mexico City Icaro op"]
[Site "Mexico City"]
[Date "2007.04.27"]
[Round "2"]
[White "Rojas Alarcon, Julian Antonio"]
[Black "Garmendez Gonzalez, Florentino"]
[Result "0-1"]
[WhiteElo "2132"]
[BlackElo "2311"]
[PlyCount "106"]
[EventDate "2007.04.27"]
[EventType "swiss"]
[EventRounds "9"]
[EventCountry "MEX"]
[SourceTitle "CBM 118 Extra"]
[Source "ChessBase"]
[SourceDate "2007.07.04"]
[SourceVersion "1"]
[SourceVersionDate "2007.07.04"]
[SourceQuality "1"]

1. c4 c5 2. Nf3 b6 3. g3 Bb7 4. Bg2 Nc6 5. 0-0 Nd4 6. e3 Nxf3+ 7. Bxf3 Qc8 8. b3 d6 9. d4 g6 10. Bb2 Bg7 11. Nd2 h5 12. h4 Rb8 13. Rb1 Nh6 14. d5 Bxb2 15. Rxb2 Qc7 16. e4 Bc8 17. Qc2 Bg4 18. Qc3 Rg8 19. Qe3 Rh8 20. Bg2 f6 21. Nf3 Nf7 22. Nh2 g5 23. hxg5 fxg5 24. f4 gxf4 25. gxf4 Kd8 26. Nxg4 hxg4 27. Qg3 Qc8 28. e5 Qf5 29. Re2 Rb7 30. Rfe1 Qh5 31. Kf2 Qg6 32. Be4 Qg7 33. Bg2 Rc7 34. a4 Kc8 35. a5 bxa5 36. Ra2 Rh5 37. Rxa5 dxe5 38. Rxc5 Rxc5 39. Qe3 Rc7 40. Ra1 Qf6 41. Rxa7 Qxf4+ 42. Qxf4 exf4 43. Ra8+ Kd7 44. Be4 Ne5 45. Ra6 g3+ 46. Ke2 Rh2+ 47. Kf1 f3 48. Bf5+ Ke8 49. Ra8+ Kf7 50. Be6+ Kf6 51. Rf8+ Kg5 52. Rf5+ Kg6 53. Ke1 Ra7 0-1

[Event "Mexican op 53rd"]
[Site "Aguascalientes"]
[Date "2007.04.06"]
[Round "6"]
[White "Quesada Perez, Yuniesky"]
[Black "Garmendez Gonzalez, Florentino"]
[Result "1-0"]
[WhiteElo "2515"]
[BlackElo "2305"]
[PlyCount "75"]
[EventDate "2007.04.03"]
[EventType "swiss"]
[EventRounds "9"]
[EventCountry "MEX"]
[SourceTitle "CBM 117 Extra"]
[Source "ChessBase"]
[SourceDate "2007.05.09"]
[SourceVersion "1"]
[SourceVersionDate "2007.05.09"]
[SourceQuality "1"]

1. e4 c5 2. Nf3 Nc6 3. Bb5 e6 4. Bxc6 bxc6 5. d3 Ne7 6. Qe2 Ng6 7. h4 f6 8. h5 Ne5 9. Nxe5 fxe5 10. Qg4 a5 11. Nd2 a4 12. Nc4 d6 13. Bd2 Ra7 14. g3 Rf7 15. f4 exf4 16. gxf4 e5 17. Qg3 Be7 18. f5 Ba6 19. 0-0-0 h6 20. Kb1 Bf6 21. Ne3 Bg5 22. Nf1 Bxd2 23. Nxd2 Qc7 24. Rh4 0-0 25. Rg4 Rf6 26. Rg1 R8f7 27. c4 Qe7 28. Qh4 d5 29. Kc2 dxc4 30. dxc4 Qd7 31. Qg3 Re7 32. Rg6 Rxg6 33. Qxg6 Qd4 34. f6 Rd7 35. Qe8+ Kh7 36. Rxg7+ Rxg7 37. fxg7 Kxg7 38. Qg6+ 1-0

[Event "MEX-ch op 52nd "]
[Site "Mexico City"]
[Date "2006.04.14"]
[Round "6"]
[White "Garmendez Gonzalez, Florentino"]
[Black "Mora Fonz, David"]
[Result "1/2-1/2"]
[WhiteElo "2305"]
[BlackElo "2150"]
[PlyCount "91"]
[EventDate "2006.04.11"]
[EventType "swiss"]
[EventRounds "9"]
[EventCountry "MEX"]
[SourceTitle "EXT 2007"]
[Source "ChessBase"]
[SourceDate "2006.11.23"]
[SourceVersion "1"]
[SourceVersionDate "2006.11.23"]
[SourceQuality "1"]

1. d4 Nf6 2. Nf3 g6 3. g3 Bg7 4. Bg2 0-0 5. 0-0 d5 6. c3 Re8 7. Bg5 Nbd7 8. Na3 b6 9. Qc1 Bb7 10. h3 Rc8 11. Bh6 e5 12. Bxg7 Kxg7 13. dxe5 Nxe5 14. Nxe5 Rxe5 15. e3 c5 16. Nc4 Re7 17. Nd2 Qc7 18. Re1 Rce8 19. Nf1 d4 20. cxd4 Bxg2 21. Kxg2 Qb7+ 22. Kg1 cxd4 23. Qd2 Qd7 24. Rad1 dxe3 25. Rxe3 Qxh3 26. Qc3 Rxe3 27. Nxe3 Qe6 28. Qa3 Ne4 29. Re1 Qf6 30. Ng4 Qf5 31. Qa4 Re6 32. Qd4+ Nf6 33. Rxe6 Qxe6 34. Nxf6 Qxf6 35. Qb4 Qe5 36. Qd2 h5 37. b4 a5 38. bxa5 Qxa5 39. Qd4+ Kh7 40. a4 b5 41. axb5 Qxb5 42. Qf6 Qd5 43. Qf4 g5 44. Qf6 Qd1+ 45. Kh2 Qd5 46. Kg1 1/2-1/2

[Event "MEX-ch op 52nd "]
[Site "Mexico City"]
[Date "2006.04.12"]
[Round "2"]
[White "Garmendez Gonzalez, Florentino"]
[Black "Padilla, Jose"]
[Result "1-0"]
[WhiteElo "2305"]
[BlackElo "2116"]
[PlyCount "97"]
[EventDate "2006.04.11"]
[EventType "swiss"]
[EventRounds "9"]
[EventCountry "MEX"]
[SourceTitle "EXT 2007"]
[Source "ChessBase"]
[SourceDate "2006.11.23"]
[SourceVersion "1"]
[SourceVersionDate "2006.11.23"]
[SourceQuality "1"]

1. e4 c5 2. c3 d5 3. exd5 Qxd5 4. d4 Nf6 5. Nf3 Bg4 6. Be2 e6 7. 0-0 Be7 8. Na3 a6 9. Nc2 Bh5 10. c4 Qd6 11. dxc5 Qxd1 12. Rxd1 Bxc5 13. b4 Be7 14. Kf1 Nc6 15. a3 0-0 16. Bb2 Rad8 17. Ncd4 Nxd4 18. Bxd4 h6 19. Bb6 Rxd1+ 20. Rxd1 Rc8 21. Ne5 Bxe2+ 22. Kxe2 Kf8 23. f3 Ke8 24. g3 Nh7 25. Rc1 f6 26. Nd3 Rc6 27. Be3 e5 28. a4 Ng5 29. Bxg5 hxg5 30. b5 Re6 31. c5 e4 32. Nf2 exf3+ 33. Kxf3 f5 34. h3 axb5 35. axb5 Kd7 36. Rd1+ Kc7 37. Rd5 g6 38. g4 f4 39. Ne4 b6 40. c6 Bd6 41. Rxg5 Be5 42. h4 Bb2 43. h5 gxh5 44. gxh5 Bc1 45. Rg7+ Kc8 46. Rg6 Re5 47. Rg8+ Kc7 48. Rg7+ Kc8 49. Nd6+ 1-0

[Event "Carlos Torre Memorial op 18th"]
[Site "Merida"]
[Date "2005.12.18"]
[Round "6"]
[White "Garmendez Gonzalez, Florentino"]
[Black "Zepeda, Lorena"]
[Result "1-0"]
[WhiteElo "2369"]
[BlackElo "2148"]
[PlyCount "103"]
[EventDate "2005.12.15"]
[EventType "swiss"]
[EventRounds "9"]
[EventCountry "MEX"]
[SourceTitle "EXT 2007"]
[Source "ChessBase"]
[SourceDate "2006.11.23"]
[SourceVersion "1"]
[SourceVersionDate "2006.11.23"]
[SourceQuality "1"]

1. e4 d5 2. exd5 Qxd5 3. Nc3 Qa5 4. d4 c6 5. g3 Nf6 6. Bg2 Bf5 7. Nf3 Nbd7 8. 0-0 e6 9. Re1 Be7 10. h3 0-0 11. Bd2 Qc7 12. Nh4 Bg6 13. Nxg6 hxg6 14. Bf4 Bd6 15. Bxd6 Qxd6 16. Qd3 Rfd8 17. Rad1 Rac8 18. Ne4 Nxe4 19. Qxe4 Qb4 20. b3 Nf6 21. Qe3 Qa3 22. c4 a5 23. Qc3 b5 24. Qc2 Qd6 25. Qc3 b4 26. Qc2 Rd7 27. Bf3 Rcd8 28. Kg2 Qc7 29. Qb2 Qb6 30. Re5 Qa6 31. Rc5 Rd6 32. a3 Ra8 33. Ra1 Qb7 34. axb4 axb4 35. Rb5 Qc8 36. Rxa8 Qxa8 37. Rxb4 Rd8 38. Ra4 Qb7 39. Qc3 Nd7 40. Qb4 Qc7 41. Qe7 Rc8 42. Ra6 Qb7 43. Qa3 Rc7 44. Qa5 Kh7 45. b4 Qc8 46. Qa4 Nb8 47. Ra7 g5 48. Qa5 Rxa7 49. Qxa7 Kg6 50. Qe7 Na6 51. h4 gxh4 52. Qxh4 1-0

[Event "Warsaw AIG Life rapid 13th-16th"]
[Site "Warsaw"]
[Date "2005.03.12"]
[Round "3"]
[White "Mayr, Thomas"]
[Black "Garmendez Gonzalez, Florentino"]
[Result "1/2-1/2"]
[WhiteElo "2075"]
[BlackElo "2273"]
[PlyCount "60"]
[EventDate "2005.12.17"]
[EventType "tourn (rapid)"]
[EventRounds "3"]
[EventCountry "POL"]
[EventCategory "12"]
[SourceTitle "EXT 2007"]
[Source "ChessBase"]
[SourceDate "2006.11.23"]
[SourceVersion "1"]
[SourceVersionDate "2006.11.23"]
[SourceQuality "1"]

1. c4 e5 2. g3 Nc6 3. Bg2 d6 4. d3 g6 5. Nf3 Bg7 6. Nc3 h6 7. e4 Be6 8. Be3 Qd7 9. Nd5 Nd8 10. Qd2 c6 11. Nc3 Ne7 12. 0-0 Bh3 13. Rad1 Bxg2 14. Kxg2 f5 15. d4 f4 16. dxe5 fxe3 17. Qxe3 0-0 18. exd6 Nc8 19. Nh4 Qe6 20. c5 b6 21. d7 Ne7 22. Rd6 Qf7 23. cxb6 axb6 24. Nf3 Nb7 25. Rd2 Rad8 26. Rfd1 Nc5 27. h4 Ne6 28. a4 Nc5 29. Rd6 Nxd7 30. R6d2 Nc5 1/2-1/2

[Event "MEX-ch"]
[Site "Guadalajara"]
[Date "2005.??.??"]
[Round "4"]
[White "Fernandez Gonzalez, Juan Carlos"]
[Black "Garmendez Gonzalez, Florentino"]
[Result "1-0"]
[WhiteElo "2473"]
[BlackElo "2369"]
[PlyCount "94"]
[EventDate "2005.03.22"]
[EventType "swiss"]
[EventRounds "9"]
[EventCountry "MEX"]
[SourceTitle "EXT 2006"]
[Source "ChessBase"]
[SourceDate "2005.11.24"]
[SourceVersion "1"]
[SourceVersionDate "2005.11.24"]
[SourceQuality "1"]

1. Nf3 Nf6 2. c4 g6 3. Nc3 Bg7 4. e4 d6 5. d4 0-0 6. Be2 Bg4 7. Be3 Nfd7 8. Rc1 e5 9. d5 a5 10. a3 Na6 11. Rb1 Bxf3 12. Bxf3 f5 13. b4 axb4 14. axb4 Nab8 15. Qc2 Kh8 16. 0-0 Nf6 17. c5 f4 18. Bd2 g5 19. Be2 g4 20. f3 gxf3 21. Bxf3 Rg8 22. Kh1 Bf8 23. Ne2 Nbd7 24. c6 bxc6 25. dxc6 Nb6 26. g3 Qc8 27. gxf4 Qh3 28. Ng1 Qe6 29. f5 Qc4 30. Qxc4 Nxc4 31. Bc1 Ra2 32. Nh3 Ng4 33. Bxg4 Rxg4 34. Nf2 Rg8 35. Rb3 Be7 36. Rc3 Bh4 37. Nd1 Rgg2 38. Rh3 Rgc2 39. Bh6 Bf6 40. Rg1 d5 41. Nc3 Rxc3 42. Rxc3 Nd6 43. Rcg3 Ra8 44. exd5 e4 45. Bg7+ Bxg7 46. Rxg7 Nxf5 47. Rxc7 Rg8 1-0

[Event "MEX-ch op 50th"]
[Site "Leon"]
[Date "2004.04.10"]
[Round "8"]
[White "Garmendez Gonzalez, Florentino"]
[Black "Aldama Degurnay, Dionisio"]
[Result "0-1"]
[WhiteElo "2391"]
[BlackElo "2141"]
[PlyCount "130"]
[EventDate "2004.04.06"]
[EventType "swiss"]
[EventRounds "9"]
[EventCountry "MEX"]
[SourceTitle "CBM 099 Extra"]
[Source "ChessBase"]
[SourceDate "2004.05.04"]
[SourceVersion "1"]
[SourceVersionDate "2004.05.04"]
[SourceQuality "1"]

1. e4 c5 2. Nf3 e6 3. g3 d5 4. d3 dxe4 5. dxe4 Qxd1+ 6. Kxd1 Nf6 7. Nbd2 Nc6 8. c3 b6 9. Bb5 Bd7 10. h3 a6 11. Be2 Bc8 12. Re1 Bb7 13. a4 Be7 14. Kc2 0-0 15. Bf1 Rfd8 16. Ng1 Na5 17. f3 Nh5 18. Ne2 Nxg3 19. Nxg3 Bh4 20. Nc4 Nxc4 21. Bxc4 Bxg3 22. Rg1 Be5 23. Bg5 Rd7 24. Rad1 Bc6 25. Rxd7 Bxa4+ 26. b3 Bxd7 27. Rd1 Bc6 28. Bd8 b5 29. Be2 b4 30. cxb4 cxb4 31. Ba5 Bb5 32. Bxb5 axb5 33. Rd8+ Rxd8 34. Bxd8 f5 35. exf5 exf5 36. Be7 Bc3 37. Kd3 Kf7 38. Bc5 g5 39. Ke2 Ke6 40. Kf1 Kd5 41. Be7 h6 42. Ke2 Ke6 43. Bf8 h5 44. Bh6 Bf6 45. Bf8 Be7 46. Bg7 Kd5 47. Kf2 Bd6 48. Kg2 g4 49. Bb2 Bc7 50. Bf6 Be5 51. Be7 Kd4 52. Bxb4 Kd3 53. hxg4 hxg4 54. fxg4 fxg4 55. Be7 Kc3 56. b4 Kc4 57. Bf8 Kd5 58. Bh6 Bd6 59. Bd2 Kc4 60. Kf2 Bxb4 61. Bf4 Bc3 62. Kg3 b4 63. Kxg4 b3 64. Bc1 Kd3 65. Ba3 Kc2 0-1

[Event "Carlos Torre Memorial op 16th"]
[Site "Merida"]
[Date "2003.12.15"]
[Round "4"]
[White "Quesada Perez, Yuniesky"]
[Black "Garmendez Gonzalez, Florentino"]
[Result "1-0"]
[WhiteElo "2475"]
[BlackElo "2391"]
[PlyCount "97"]
[EventDate "2003.12.12"]
[EventType "swiss"]
[EventRounds "9"]
[EventCountry "MEX"]
[SourceTitle "CBM 097 Extra"]
[Source "ChessBase"]
[SourceDate "2004.01.13"]
[SourceVersion "1"]
[SourceVersionDate "2004.01.13"]
[SourceQuality "1"]

1. e4 e6 2. d4 d5 3. Nc3 Nf6 4. e5 Nfd7 5. f4 c5 6. Nf3 Nc6 7. Be3 a6 8. Qd2 b5 9. dxc5 Bxc5 10. Bxc5 Nxc5 11. Qf2 Qb6 12. b4 Nd7 13. a4 bxa4 14. Qxb6 Nxb6 15. Nxa4 Nxa4 16. Rxa4 Bb7 17. Bd3 Rc8 18. Kd2 0-0 19. Rb1 Nb8 20. Nd4 g6 21. Ra2 Nc6 22. Nf3 f6 23. Bxa6 Bxa6 24. Rxa6 fxe5 25. fxe5 Rf4 26. c3 g5 27. b5 g4 28. Rxc6 Rxc6 29. bxc6 gxf3 30. gxf3 Rc4 31. Rb8+ Kf7 32. Rc8 Ke7 33. c7 Kd7 34. Rd8+ Kxc7 35. Rd6 Rf4 36. Ke3 Rc4 37. Rxe6 Rxc3+ 38. Kf4 Rc2 39. Re7+ Kc6 40. Rxh7 Re2 41. Rh8 Kc5 42. Kf5 d4 43. Rd8 Rxh2 44. e6 Rh5+ 45. Kg6 Re5 46. Kf6 Re3 47. f4 d3 48. e7 Kc4 49. e8Q 1-0

[Event "Olympiad-35"]
[Site "Bled"]
[Date "2002.10.31"]
[Round "6.3"]
[White "Garcia Paolicchi, Raul"]
[Black "Garmendez Gonzalez, Florentino"]
[Result "1/2-1/2"]
[WhiteElo "2269"]
[BlackElo "2408"]
[PlyCount "115"]
[EventDate "2002.10.26"]
[EventType "team-swiss"]
[EventRounds "14"]
[EventCountry "SLO"]
[SourceTitle "EXT 2003"]
[Source "ChessBase"]
[SourceDate "2002.11.25"]
[SourceVersion "1"]
[SourceVersionDate "2002.11.25"]
[SourceQuality "1"]
[WhiteTeam "Andorra"]
[BlackTeam "Mexico"]
[WhiteTeamCountry "AND"]
[BlackTeamCountry "MEX"]

1. Nf3 Nf6 2. c4 g6 3. g3 Bg7 4. Bg2 c5 5. d4 cxd4 6. Nxd4 0-0 7. 0-0 Nc6 8. Nc3 Nxd4 9. Qxd4 d6 10. Qd3 Bf5 11. e4 Be6 12. Bd2 Qc8 13. b3 Bh3 14. Rac1 Bxg2 15. Kxg2 Nd7 16. Nd5 Re8 17. Bg5 f6 18. Be3 Ne5 19. Qe2 e6 20. Nc3 f5 21. Bf4 Qc6 22. f3 Nf7 23. exf5 gxf5 24. Rfd1 a6 25. Qf2 b5 26. cxb5 Qd7 27. bxa6 Rxa6 28. a4 Bxc3 29. Rxc3 e5 30. Bc1 d5 31. f4 d4 32. fxe5 Rxe5 33. Rxd4 Qe8 34. Re3 Qc6+ 35. Qf3 Qxc1 36. Rxe5 Qb2+ 37. Qe2 Qxd4 38. Re8+ Kg7 39. Qxa6 Qd5+ 40. Kf2 Qd4+ 41. Kf1 Qd1+ 42. Re1 Qxb3 43. Qe2 Qxa4 44. Qb2+ Kf8 45. Qb8+ Kg7 46. Qf4 Qb5+ 47. Kg1 Qc5+ 48. Qe3 Qd5 49. Rc1 Kg6 50. Re1 Kg7 51. h3 h6 52. Re2 Ng5 53. Qe7+ Kg6 54. Qe8+ Kf6 55. Qe7+ Kg6 56. Qe8+ Kf6 57. Qe7+ Kg6 58. Qe8+ 1/2-1/2

[Event "Olympiad-35"]
[Site "Bled"]
[Date "2002.10.29"]
[Round "4.4"]
[White "Wastney, Scott C"]
[Black "Garmendez Gonzalez, Florentino"]
[Result "0-1"]
[WhiteElo "2266"]
[BlackElo "2408"]
[PlyCount "106"]
[EventDate "2002.10.26"]
[EventType "team-swiss"]
[EventRounds "14"]
[EventCountry "SLO"]
[SourceTitle "EXT 2003"]
[Source "ChessBase"]
[SourceDate "2002.11.25"]
[SourceVersion "1"]
[SourceVersionDate "2002.11.25"]
[SourceQuality "1"]
[WhiteTeam "New Zealand"]
[BlackTeam "Mexico"]
[WhiteTeamCountry "NZL"]
[BlackTeamCountry "MEX"]

1. Nf3 Nf6 2. c4 g6 3. g3 Bg7 4. Bg2 0-0 5. 0-0 c5 6. Nc3 Nc6 7. d4 cxd4 8. Nxd4 Nxd4 9. Qxd4 d6 10. Qd3 Bf5 11. e4 Be6 12. Bd2 Nd7 13. b3 a5 14. a4 Nc5 15. Qc2 Rc8 16. Rac1 Bd7 17. Nd5 e6 18. Nf4 Bc6 19. Rfd1 Qb6 20. Rb1 e5 21. Nd5 Bxd5 22. cxd5 Ne6 23. Qd3 Nd4 24. b4 axb4 25. Rxb4 Qa7 26. Rdb1 Rc7 27. Bh3 f5 28. exf5 Nxf5 29. Bxf5 gxf5 30. Be3 Qa8 31. Qb3 Rff7 32. Bb6 Rcd7 33. Rc4 Qe8 34. Rbc1 Bf8 35. a5 Rfe7 36. Rc7 Qf7 37. Rxd7 Rxd7 38. Rc8 h5 39. Qe3 Kh7 40. Qc3 Bg7 41. Qc4 Qg6 42. Qb5 Qf7 43. Qc4 Qg6 44. Qb5 Rf7 45. Qe8 f4 46. Qb5 h4 47. Qf1 fxg3 48. hxg3 hxg3 49. Qh3+ Bh6 50. fxg3 Qe4 51. Rc7 Qb1+ 52. Kh2 Rxc7 53. Bxc7 Qc2+ 0-1

[Event "Olympiad-35"]
[Site "Bled"]
[Date "2002.10.26"]
[Round "1.3"]
[White "Garmendez Gonzalez, Florentino"]
[Black "Huguet Mainar, Sergio"]
[Result "1-0"]
[WhiteElo "2408"]
[BlackElo "2086"]
[PlyCount "98"]
[EventDate "2002.10.26"]
[EventType "team-swiss"]
[EventRounds "14"]
[EventCountry "SLO"]
[SourceTitle "EXT 2003"]
[Source "ChessBase"]
[SourceDate "2002.11.25"]
[SourceVersion "1"]
[SourceVersionDate "2002.11.25"]
[SourceQuality "1"]
[WhiteTeam "Mexico"]
[BlackTeam "Honduras"]
[WhiteTeamCountry "MEX"]
[BlackTeamCountry "HON"]

1. e4 c5 2. Nf3 e6 3. c4 Nc6 4. Nc3 Nf6 5. Be2 Be7 6. 0-0 0-0 7. d4 cxd4 8. Nxd4 d5 9. cxd5 exd5 10. Nxc6 bxc6 11. e5 Nd7 12. f4 Ba6 13. Kh1 Bxe2 14. Nxe2 Bc5 15. b3 Re8 16. Bb2 Qh4 17. Rf3 Rac8 18. Qd3 g6 19. Raf1 Bf8 20. Rh3 Qe7 21. Nd4 Bg7 22. Qg3 Nc5 23. Ba3 Ne4 24. Bxe7 Nxg3+ 25. Rxg3 Rxe7 26. Rc3 Rec7 27. Rfc1 a6 28. Rxc6 Rxc6 29. Rxc6 Rxc6 30. Nxc6 Bf8 31. g4 Bc5 32. Kg2 Kf8 33. b4 Bb6 34. f5 Ke8 35. e6 gxf5 36. gxf5 fxe6 37. fxe6 d4 38. Kf3 d3 39. a4 d2 40. Ke2 Be3 41. h3 Kf8 42. b5 axb5 43. axb5 Kg7 44. Nb4 Bf4 45. Nd5 Bd6 46. Kxd2 Kf8 47. b6 Bc5 48. b7 Bd6 49. Kd3 h5 1-0

[Event "Carlos Torre Memorial op 14th"]
[Site "Merida"]
[Date "2001.12.14"]
[Round "1"]
[White "Garmendez Gonzalez, Florentino"]
[Black "Tey Carrera, Joaquin"]
[Result "1-0"]
[WhiteElo "2410"]
[BlackElo "2068"]
[PlyCount "53"]
[EventDate "2001.12.01"]
[EventType "swiss"]
[EventRounds "9"]
[EventCountry "MEX"]
[SourceTitle "CBM 085 Extra"]
[Source "ChessBase"]
[SourceDate "2002.01.21"]
[SourceVersion "1"]
[SourceVersionDate "2002.01.21"]
[SourceQuality "1"]

1. e4 e6 2. d4 d5 3. Nd2 Nf6 4. Bd3 c5 5. e5 Nfd7 6. c3 Nc6 7. Ndf3 Qb6 8. Ne2 cxd4 9. cxd4 Bb4+ 10. Bd2 f6 11. exf6 Nxf6 12. Bxb4 Qxb4+ 13. Qd2 0-0 14. Ne5 Nxe5 15. dxe5 Qxd2+ 16. Kxd2 Ng4 17. f4 Bd7 18. Raf1 Nh6 19. h4 Rac8 20. Nd4 Nf5 21. Nxf5 exf5 22. b3 Rfe8 23. Rc1 Kf7 24. h5 a6 25. Rhe1 Rxc1 26. Rxc1 Rc8 27. e6+ 1-0

[Event "MEX-ch 47th"]
[Site "Irapuato"]
[Date "2001.??.??"]
[Round "1"]
[White "Garmendez Gonzalez, Florentino"]
[Black "Ustariz, Carlos"]
[Result "1-0"]
[WhiteElo "2398"]
[BlackElo "2141"]
[PlyCount "57"]
[EventDate "2001.04.11"]
[EventType "swiss"]
[EventRounds "7"]
[EventCountry "MEX"]
[SourceTitle "EXT 2002"]
[Source "ChessBase"]
[SourceDate "2001.11.25"]
[SourceVersion "1"]
[SourceVersionDate "2001.11.25"]
[SourceQuality "1"]

1. e4 c5 2. Nf3 Nc6 3. Bb5 g6 4. 0-0 Bg7 5. Re1 e6 6. Bxc6 bxc6 7. e5 Ne7 8. Nc3 d6 9. exd6 Qxd6 10. Ne4 Qc7 11. Nxc5 0-0 12. d4 Rd8 13. Qe2 Bxd4 14. Nxd4 Rxd4 15. Be3 Rd8 16. Rad1 Bd7 17. Bg5 Be8 18. Rxd8 Rxd8 19. Ne4 Rb8 20. c4 Nf5 21. c5 a5 22. b3 a4 23. Nf6+ Kg7 24. Qb2 e5 25. Rxe5 Kf8 26. Nxh7+ Kg8 27. Nf6+ Kf8 28. g4 Ng7 29. Bh6 1-0